000 00900na a2200277 4500
001 17625
003 MIRAKIL
005 20181213155304.0
008 161031b tu 000 0
035 _a17625
040 _aMilas
_btur
_cTR-AnCHP
041 _atur
082 _a330.9
_bÜ44y 1974
090 _a330.9 Ü44y 1974
100 _aÜlken, Yüksel
245 _aYirminci yüzyılda dünya ekonomisi
_bGünümüz iktisadi sorunları ve başlıca tahlil aletleri
_cYüksel Ülken
246 _aGünümüz iktisadi sorunları ve başlıca tahlil aletleri
250 _agöz. gçrl. 3.bs.
260 _aİstanbul
_bİstanbul Üniversitesi İktisat Fakültesi
_c1974
300 _a455 s.
_btbl.; grf.
_c24 sm.
440 _aİstanbul Üniversitesi
_n1909
490 _aİktisat Fakültesi
_a326
504 _aDizin var.
650 _aEkonomi
_xDünya
_y20. yüzyıl
942 _2ddc
_cBKS
999 _c10012
_d10012